000 00418nam a2200181Ia 4500
001 15598
005 20260306170208.0
008 260306t2012||||xx |||||||||||||| ||und||
041 _aESP
082 _a551
_bD31
100 _aDávila Burga, Jorge,
_eAUT
245 0 _aElementos de geología
260 _c2012
300 _a87 páginas :
_c30 cm.
650 _aGEN
654 _aCIC
942 _cLIB
_dJUS
_fJUS
_2ddc
_n
999 _c15598
_d15598